| 000 | 00727nam a22002537a 4500 | ||
|---|---|---|---|
| 001 | 8010 | ||
| 003 | FISKH | ||
| 005 | 20250827142548.0 | ||
| 008 | 250818b cb ||||| |||| 00| 0 eng d | ||
| 020 | _a9781595151513 | ||
| 040 |
_aFISKH _beng _cFISKH _dFISKH |
||
| 050 | _aQH86.O39 | ||
| 082 | _a577.34 | ||
| 100 | _aO'Hare, Ted | ||
| 245 | _aAmazing rain forest / | ||
| 260 |
_aFlorida ; _bRourke, _c2005. |
||
| 300 |
_a24 pages : _bcolor illustrations ; _c19 cm |
||
| 505 | _aK | ||
| 520 | _aPresents a short study of tropical rain forests and the different species of plant and animal life that inhabit them. | ||
| 521 | 8 |
_a510
_bLexile |
|
| 521 | 8 |
_aK
_bRaz-Plus |
|
| 942 |
_2ddc _cBK _n0 |
||
| 999 |
_c8010 _d8010 |
||